Tilastot visalle Kenen Kirja? #13

Klikkaa tästä pelataksesi tätä visaa!

Yleistilastot

  • Tätä visaa on pelattu 42 kertaa
  • Keskiarvotulos 6 / 16

Vastaustilastot

KirjaKirjailija% Oikein
Ja Aurinko nouseeErnest Hemingway
83%
Roger Ackroydin murhaAgatha Christie
77%
Täällä Pohjantähden allaVäinö Linna
77%
KuolemanspiraaliLeena Lehtolainen
57%
RuttoAlbert Camus
50%
OdysseiaHomeros
50%
MetsäjättiMiika Nousiainen
50%
Lumen tajuPeter Høeg
50%
FaustJohann Wolfgang von Goethe
40%
Kannas-sarjaLaila Hietamies
27%
Me sotasankaritJoseph Heller
13%
Lady Chatterleyn rakastajaD.H.Lawrence
10%
Kirjava satamaWilliam Faulkner
10%
Kaikki hajoaaChinua Achebe
7%
Kellopeli appelsiiniAnthony Burgess
3%
Askeleen edelläSaara Kesävuori
0%

Tulosjakauma

Persentiili vastausten määrän mukaan

Jokaisen tuloksen saaneiden osuus

Tuloshistoriasi

Et ole pelannut tätä visaa